000 00289nam a22001337a 4500
008 170601b xxu||||| |||| 00| 0 eng d
020 _a9781616083328
041 _aeng
080 _a93
100 _a17
101 _aSHH
245 _aTHE CIA WORLD HANDBOOK 2012
_cCIA
942 _2udc
_cBK
999 _c15320
_d15320